| 000 | 00507nam a2200169Ia 4500 | ||
|---|---|---|---|
| 008 | 090201s9999 xx 000 0 und d | ||
| 010 | _aKPL-33052 | ||
| 040 | _bमराठी | ||
| 041 | _aमराठी | ||
| 082 |
_a40311 _b33052 |
||
| 100 | _aना सी फडके | ||
| 245 |
_aहसू आणि आसू _cना सी फडके |
||
| 260 |
_c2004 _bसरीता प्रकाशन |
||
| 300 |
_a198 _bमोठा |
||
| 600 | _aहसू आणि आसू | ||
| 942 | _cBOOK | ||
| 999 |
_c237574 _d237574 |
||